Signal, noise and resolution in nuclear counter amplifiers (Record no. 1413)

MARC details
000 -LEADER
fixed length control field 00565nam a2200205Ia 4500
003 - CONTROL NUMBER IDENTIFIER
control field IN-BaIIA
008 - FIXED-LENGTH DATA ELEMENTS--GENERAL INFORMATION
fixed length control field 211028s9999 xx 000 0 eng d
040 ## - CATALOGING SOURCE
Transcribing agency IIA Library
080 ## - UNIVERSAL DECIMAL CLASSIFICATION NUMBER
Universal Decimal Classification number 621.3396.8
Item number GIL
100 ## - MAIN ENTRY--PERSONAL NAME
Personal name Gillespie, A. B.
9 (RLIN) 2889
245 #0 - TITLE STATEMENT
Title Signal, noise and resolution in nuclear counter amplifiers
Statement of responsibility, etc. A. B. Gillespie
260 ## - PUBLICATION, DISTRIBUTION, ETC.
Place of publication, distribution, etc. London
Name of publisher, distributor, etc. Pergamon Press
Date of publication, distribution, etc. 1953
300 ## - PHYSICAL DESCRIPTION
Extent 155p.
650 ## - SUBJECT ADDED ENTRY--TOPICAL TERM
Topical term or geographic name entry element Amplifiers
9 (RLIN) 2159
650 ## - SUBJECT ADDED ENTRY--TOPICAL TERM
Topical term or geographic name entry element NASA Thesaurus
650 ## - SUBJECT ADDED ENTRY--TOPICAL TERM
Topical term or geographic name entry element Noise
9 (RLIN) 2890
650 ## - SUBJECT ADDED ENTRY--TOPICAL TERM
Topical term or geographic name entry element Radio Engineering
9 (RLIN) 1656
650 ## - SUBJECT ADDED ENTRY--TOPICAL TERM
Topical term or geographic name entry element Signal
9 (RLIN) 2891
942 ## - ADDED ENTRY ELEMENTS (KOHA)
Koha item type Books
Holdings
Withdrawn status Lost status Damaged status Not for loan Home library Current library Shelving location Date acquired Total Checkouts Full call number Barcode Date last seen Price effective from Koha item type
        IIA Library-Bangalore IIA Library-Kavalur General Stacks     621.3396.8/ GIL 1493 05/11/2021   Books

Powered by Koha